Desafíos y paradojas : (Record no. 194528)

MARC details
000 -CABECERA
campo de control de longitud fija 00709nam a2200205 u 4500
005 - FECHA Y HORA DE LA ÚLTIMA TRANSACCIÓN
campo de control 20220816140312.0
008 - ELEMENTOS DE LONGITUD FIJA--INFORMACIÓN GENERAL
campo de control de longitud fija 180125s2014 mx r 000 0 spa d
020 ## - NÚMERO INTERNACIONAL NORMALIZADO PARA LIBROS
Número Internacional Estándar del Libro 9786076426360
035 ## - NÚMERO DE CONTROL DEL SISTEMA
Número de control de sistema UPN01000222431
049 ## - COLECCIÓN
Colección CG
050 #4 - SIGNATURA TOPOGRÁFICA DE LA BIBLIOTECA DEL CONGRESO
Número de clasificación HQ799 M6
Número de documento/Ítem D4.7
245 00 - MENCIÓN DE TÍTULO
Título Desafíos y paradojas :
Resto del título los jóvenes frente a las desigualdades sociales /
Mención de responsabilidad, etc. coord. Minor Mora Salas.
260 ## - PUBLICACIÓN, DISTRIBUCIÓN, ETC.
Lugar de publicación, distribución, etc. México :
Nombre del editor, distribuidor, etc. El Colegio de México, Centro de Estudios Sociológicos,
Fecha de publicación, distribución, etc. 2014.
300 ## - DESCRIPCIÓN FÍSICA
Extensión 480 p. :
Otras características físicas gráfs., cuadros
650 #7 - ASIENTO SECUNDARIO DE MATERIA - TERMINO TEMATICO
Término de materia o nombre geográfico como elemento de entrada Jóvenes
Subdivisión geográfica México
Subdivisión general Condiciones sociales
Fuente del encabezamiento o término
9 (RLIN) 21104
650 #4 - ASIENTO SECUNDARIO DE MATERIA - TERMINO TEMATICO
Término de materia o nombre geográfico como elemento de entrada IGUALDAD -
Subdivisión general ASPECTOS ECONOMICOS
9 (RLIN) 25405
700 1# - ASIENTO SECUNDARIO--NOMBRE DE PERSONAL
Nombre de persona Mora Salas, Minor,
Término indicativo de función/relación coord.
905 ## - TIPO DE MATERIAL
Tipo de material Libro
Holdings
Estado de retiro Estado de pérdida Fuente del sistema de clasificación o colocación Estado dañado No para préstamo Código de colección Localización permanente Ubicación/localización actual Ubicación en estantería Fecha de adquisición Total de préstamos Clasificación Código de barras Fecha visto por última vez Fecha del último préstamo Número de copia Tipo de ítem Koha
    Library of Congress Classification     Colección General Bib. Gregorio Torres Quintero Bib. Gregorio Torres Quintero Planta baja 17/10/2023 2 HQ799 M6 D4.7 322146 31/10/2023 17/10/2023 1 Libro